Concise world atlas
| Format: | Book |
|---|---|
| Edition: | Insight Atlas |
| Subjects: |
MARC
| LEADER | 00000cam a2200000 7i4500 | ||
|---|---|---|---|
| 001 | 0000028286 | ||
| 005 | 20091125.0 | ||
| 008 | 091125 | ||
| 020 | |a 9812580719 | ||
| 090 | 0 | 0 | |a 912 |b CON |
| 245 | 1 | 0 | |a Concise world atlas |
| 250 | |a Insight Atlas | ||
| 650 | 0 | |a Atlases | |
| 999 | |a 0001061441 |b Book |c REFERENCE |e Perbadanan Perpustakaan Awam Johor | ||